|
|
|
|
| LEADER |
00000nab a2200000 a 4500 |
| 001 |
vtls009491996 |
| 003 |
SK-MaSNL |
| 005 |
20260304015608.0 |
| 008 |
140422c2009 xo |||||| | ||00 b|slo |
| 015 |
|
|
|a SNBRB2009/04
|2 snkbucl
|
| 038 |
|
|
|a SNKBUCL
|
| 040 |
|
|
|a SNKBUCL
|b slo
|c SNKBUCL
|e AACR2
|
| 041 |
0 |
|
|a slo
|
| 044 |
|
|
|a xo
|c SK
|
| 080 |
|
|
|a 328.1
|x (437.6)
|2 2001
|
| 080 |
|
|
|a 342.511
|x (437.6)
|2 2001
|
| 080 |
|
|
|a 338.124.4
|2 2001
|
| 100 |
1 |
|
|a Gašparovič, Ivan,
|d 1941-
|4 aut
|9 189874
|
| 245 |
1 |
0 |
|a Globálna hospodárska kríza a kríza hodnôt
|c Ivan Gašparovič
|
| 300 |
|
|
|b Fotogr.
|
| 500 |
|
|
|a Bratislava 17. februára 2009
|
| 610 |
1 |
7 |
|a Slovensko.
|b Prezident (2004-2014 : Gašparovič)
|2 snkbucl
|9 110388
|
| 610 |
1 |
7 |
|a Slovensko.
|b Národná rada
|2 snkbucl
|9 165573
|
| 650 |
0 |
7 |
|a hospodárska kríza
|2 snkbucl
|9 2278
|
| 650 |
0 |
7 |
|a globálna kríza
|2 snkbucl
|9 511817
|
| 650 |
0 |
7 |
|a hodnotová kríza
|2 snkbucl
|9 1054734
|
| 655 |
|
7 |
|a prejavy
|2 snkbucl
|9 70401
|
| 655 |
|
7 |
|a analýzy
|2 snkbucl
|9 22242
|
| 773 |
0 |
|
|t Literárny (dvoj)týždenník
|g Roč. XXII, č. 7-8 (2009), s. 1
|x 0862-5999
|
| 852 |
|
|
|a SNK
|b KIS3GCP
|
| 999 |
|
|
|c 2592513
|d 2594443
|